Nie výskok, doskok je môj problém Ján Čarnogurský je stále presvedčený, že koalícia Smeru a KDH je možná

Bibliographic Details
Main Authors: Šimončič, Andrej (Author, Interviewer), Čarnogurský, Ján, 1944- (Author)
Format: Article
Language:Slovak
PhysicalDescription:Fotogr.
ISSN:0139-6323
Subjects:

MARC

LEADER 00000nab a2200000 ar4500
001 vtls008880044
003 SK-MaSNL
005 20260303183359.0
008 061123c2006 xo wr|p|||||||000 b|slo
015 |a SNBRB2006/11 
038 |a SNSK 
040 |a SNSK  |b slo  |c SNSK  |e AACR2 
041 0 |a slo 
044 |a xo  |c SK 
080 |a 32-051  |2 2001 
080 |a 329.3:23/28  |x (437.6)  |x KDH  |2 2001 
080 |a 321.7:23/28  |x (437.6)  |2 2001 
080 |a 929 Čarnogurský, Ján  |2 1981 
100 1 |a Šimončič, Andrej  |4 ivr  |4 aut  |9 723509 
245 1 0 |a Nie výskok, doskok je môj problém  |b Ján Čarnogurský je stále presvedčený, že koalícia Smeru a KDH je možná  |c Andrej Šimončič, Ján Čarnogurský 
300 |b Fotogr. 
600 1 7 |a Čarnogurský, Ján,  |d 1944-  |2 snsk  |9 196516 
610 2 7 |a Kresťanskodemokratické hnutie (politická strana)  |2 snsk  |9 34649 
650 0 7 |a kresťanská demokracia  |2 snsk  |9 4845 
700 1 |a Čarnogurský, Ján,  |d 1944-  |4 ive  |4 aut  |9 196516 
773 0 |t Život  |g Roč. 56, č. 44(2006), s. 28-30  |x 0139-6323 
852 |a SNSK  |b KIS3GCP 
958 |a BX 
999 |c 2120834  |d 2122764